| 000 | 00728nam a2200193Ii 4500 | ||
|---|---|---|---|
| 003 | JO-AjNU | ||
| 008 | 230606s9999||||xx |||||||||||||| ||und|| | ||
| 040 |
_aJO-AjNU _beng _erda _cJO-AjNU |
||
| 041 | _aeng | ||
| 050 | 1 | 4 | _aPR6005.2017 |
| 100 | 3 |
_aPreparation Abu-Erwaq,Waaed AbdullahŘ› Supervisor Mahmoud AL-Sobh, Co Supervisor Raed Qassas, _eauthor _95385 |
|
| 245 | 0 | 0 | _aHeart of Darkness as a Historical Document on Colonization and Racism |
| 264 | 3 | 1 | _aAjIoun: AjIoun National University, 2017 |
| 300 |
_a15p _b Graduation project, AjIoun National University, 2017 |
||
| 336 |
_atext _btxt _2rdacontent |
||
| 337 |
_aunmediated _bn _2rdamedia |
||
| 338 |
_avolume _bnc _2rdacarrier |
||
| 650 | 4 |
_aHeart of Darkness _95386 |
|
| 999 |
_aE2781 _c2779 _d2779 |
||